00470 2200181 4500001002100000005001500021008004100036020001800077035001900095041000700114082000800121090001400129100001800143245003200161260004500193300001800238650003200256INLIS00000000001181520241224114241241224||||||||| | ||| |||| || |  a979-8619-97-8 0010-1224011815 aid0 a174 a174 DES e0 adesi fernanda00aEtika Organisasi Pemerintah aJakartabLemba Administrasi Negarac2009 a71hlm;15x21cm 0aIlmu Filsafat dan Psikologi